| 000 | 00461nab a2200145Ia 4500 | ||
|---|---|---|---|
| 003 | ES-SlBCS | ||
| 005 | 20210601133955.0 | ||
| 008 | 140529s2006 xxu||||| |||| 00| 0 por d | ||
| 041 | _apor | ||
| 100 | 1 |
_aDubard de Moura Rocha, J. Elias _9211761 |
|
| 245 | 0 | 0 |
_aHermenêutica do Ciclo Vital do Direito _c J. Elias Dubard De Moura Rocha |
| 650 | 0 | 4 |
_aHermenéutica-Derecho _9211762 |
| 773 | 0 |
_tStudium _gvol. 9, nº. 18, 2006, págs. 179-193 _wRev778 |
|
| 942 | _cAR | ||
| 999 |
_c605043 _d605043 |
||